Belleza Básica Profesional / (Registro nro. 43240)
[ vista simple ]
| 000 -CABECERA | |
|---|---|
| campo de control de longitud fija | 00387nam a2200133 a 4500 |
| 001 - NÚMERO DE CONTROL | |
| campo de control | 000043751 |
| 005 - FECHA Y HORA DE LA ÚLTIMA TRANSACCIÓN | |
| campo de control | 20201002044942.0 |
| 008 - DATOS DE LONGITUD FIJA--INFORMACIÓN GENERAL | |
| campo de control de longitud fija | 140422s20uu dr a 000 0 spa d |
| 040 ## - FUENTE DE LA CATALOGACIÓN | |
| Centro catalogador/agencia de origen | DO-SdBNP |
| Lengua de catalogación | spa |
| Centro/agencia transcriptor | BNPHU |
| 100 1# - ENTRADA PRINCIPAL--NOMBRE DE PERSONA | |
| Nombre de persona | Rosario, Leonor |
| 9 (RLIN) | 71584 |
| 245 10 - MENCIÓN DE TÍTULO | |
| Título | Belleza Básica Profesional / |
| Mención de responsabilidad, etc. | Leonor Rosario. |
| 260 ## - PUBLICACIÓN, DISTRIBUCIÓN, ETC. | |
| Lugar de publicación, distribución, etc. | [Santo Domingo ; : |
| Nombre del editor, distribuidor, etc. | s.n, |
| Fecha de publicación, distribución, etc. | 200?]. |
| 300 ## - DESCRIPCIÓN FÍSICA | |
| Extensión | 148 p. : |
| Otras características físicas | il. ; |
| Dimensiones | 28 cm. |
| Estado de retiro | Estado de pérdida | Restricciones de uso | No para préstamo | Código de colección | Localización permanente | Ubicación/localización actual | Ubicación en estantería | Fecha de adquisición | Número de inventario | Total de préstamos | Signatura topográfica completa | Código de barras | Fecha visto por última vez | Número de copia | Precio válido a partir de | Tipo de ítem Koha |
|---|---|---|---|---|---|---|---|---|---|---|---|---|---|---|---|---|
| Préstamo interno | Dominicana de Servicio | General | General | En catalogación | 22.04.2014 | LF1 | 43751-30 | 25.06.2020 | e. 3 | 25.06.2020 | Libro y Folleto Colección Dominicana de Servicio | |||||
| Excluido de préstamo | Patrimonio Dominicano | Patrimonio Dominicano | Patrimonio Dominicano | En catalogación | 22.04.2014 | LF1 | 43751-10 | 25.06.2020 | 25.06.2020 | Libro y Folleto Colección Patrimonio Dominicano | ||||||
| Excluido de préstamo | Patrimonio Dominicano | Patrimonio Dominicano | Patrimonio Dominicano | En catalogación | 22.04.2014 | LF1 | 43751-20 | 25.06.2020 | e. 2 | 25.06.2020 | Libro y Folleto Colección Patrimonio Dominicano |
